Catálogo
 En Linea

Juan XXIII (XXIV); : (Registro nro. 6584)

Detalles MARC
000 -CABECERA
campo de control de longitud fija 00753cam a22002051 4500
001 - NÚMERO DE CONTROL
campo de control 000006796
005 - FECHA Y HORA DE LA ÚLTIMA TRANSACCIÓN
campo de control 20200929154008.0
008 - DATOS DE LONGITUD FIJA--INFORMACIÓN GENERAL
campo de control de longitud fija 750716s1964 xx 000 0 spa
010 ## - NÚMERO DE CONTROL DE LA BIBLIOTECA DEL CONGRESO
Número de control de LC 66080145
035 ## - NÚMERO DE CONTROL DEL SISTEMA
Número de control de sistema (OCoLC)1453781
040 ## - FUENTE DE LA CATALOGACIÓN
Centro catalogador/agencia de origen DO-SdBNP
Centro/agencia transcriptor NmLcU
Centro/agencia modificador DLC
042 ## - CÓDIGO DE AUTENTICACIÓN
Código de autenticación premarc
050 00 - SIGNATURA TOPOGRÁFICA DE LA BIBLIOTECA DEL CONGRESO
Número de clasificación PQ7797.C3376
Número de documento/Ítem J8
100 1# - ENTRADA PRINCIPAL--NOMBRE DE PERSONA
Nombre de persona Castellani, Leonardo,
Fechas asociadas al nombre 1899-
9 (RLIN) 18879
245 00 - MENCIÓN DE TÍTULO
Título Juan XXIII (XXIV); :
Resto del título o sea, La resurreccion de Don Quijote (Sinfonia fantastica a la Berlioz en tres movimientos y una coda; para uso de naciones subdesarrolladas) /
Mención de responsabilidad, etc. [por] Jeronimo del Rey.
260 ## - PUBLICACIÓN, DISTRIBUCIÓN, ETC.
Lugar de publicación, distribución, etc. Buenos Aires, :
Nombre del editor, distribuidor, etc. Ediciones Theoria,
Fecha de publicación, distribución, etc. [1964].
300 ## - DESCRIPCIÓN FÍSICA
Extensión 342 p. ;
Dimensiones 20 cm.
490 0# - MENCIÓN DE SERIE
Mención de serie Biblioteca argentina de letras
910 ## - DATOS DE OPCIÓN DEL USUARIO (OCLC)
Datos de opción del usuario Catalogación por copia / LC
Existencias
Estado de retiro Estado de pérdida Restricciones de uso No para préstamo Código de colección Localización permanente Ubicación/localización actual Ubicación en estantería Fecha de adquisición Número de inventario Total de préstamos Signatura topográfica completa Código de barras Fecha visto por última vez Precio válido a partir de Tipo de ítem Koha
    Préstamo interno   Monografías: Libros y Folletos General General En catalogación 02.09.2009 LF1   6796-10 25.06.2020 25.06.2020 Préstamo interno

Con tecnología Koha